K niektorým otázkam vyučovania odbornej taliančiny

Zvyšovanie požiadaviek na jazykovú pripravenosť odborníkov. Nárast záujmu o talianský jazyk. Vyučovanie odbornej taliančiny. Nadobúdanie komunikačných zručností. Problematika ekonomickej terminológie.

Salvato in:
Dettagli Bibliografici
Autore principale: Smoleňová, Elena, 1974-
Natura: Capitolo di libro
Lingua:slovacco
Soggetti:
Tags: Aggiungi Tag
Nessun Tag, puoi essere il primo ad aggiungerne!!

MARC

LEADER 00000naa$a2200000$$$4500
001 0051095
005 20240502071608.1
041 0 |a slo 
044 |a SK 
245 1 0 |a K niektorým otázkam vyučovania odbornej taliančiny  |c Elena Smoleňová 
520 |a Zvyšovanie požiadaviek na jazykovú pripravenosť odborníkov. Nárast záujmu o talianský jazyk. Vyučovanie odbornej taliančiny. Nadobúdanie komunikačných zručností. Problematika ekonomickej terminológie. 
610 2 0 |a jazyky cudzie 
610 2 0 |a vyučovanie 
610 2 0 |a taliančina 
610 2 0 |a terminológia 
610 2 0 |a Ekonomická univerzita v Bratislave 
100 1 |a Smoleňová, Elena, 1974-